Musculos del miembro superior - Estadísticas

Estadísticas generales
  • Esta prueba ha sido intentada 67 veces
  • La puntuación promedio es 6 de 17
Estadísticas de respuestas
Musculos del Hombro Musculos de la Axila Musculos del Brazo Musculos flexores del Antebrazo Musculos extensores del Antebrazo Musculos de la Mano % Correcto
Deltoides Pectoral menor Braquial Flexor radial del carpo Extensor radial largo del carpo Flexor corto del pulgar
86%
Redondo menor Triceps braquial Pronador cuadrado Supinador Palmar corto
54%
Supraespinoso Redondo mayor Flexor profundo de los dedos Extensor del meñique Flexor corto del meñique
54%
Trapecio Pectoral mayor Biceps braquial Pronador redondo Braquiorradial Abductor corto del pulgar
54%
Infraespinoso Dorsal ancho Flexor largo del pulgar Anconeo Oponente del meñique
50%
Redondo mayor Abductor largo del pulgar Lumbricales
48%
Redondo mayor
48%
Subescapular
46%
Dorsal ancho
34%
Pectoral menor Extensor corto del pulgar Interoseos palmares
26%
Pectoral mayor Extensor largo del pulgar Interoseos dorsales
24%
Elevador de la escapula Subclavio Coracobraquial Palmar largo Extensor radial corto del carpo Oponente del pulgar
22%
Subclavio Extensor del indice
20%
Romboides mayor Subescapular Flexor superficial de los dedos Extensor cubital del carpo / Extensor ulnar del carpo Abductor del meñique
14%
Romboides menor Serrato anterior Triceps braquial Flexor cubital del carbo / Flexor ulnar del carpo Extensor de los dedos Aductor del pulgar
14%
Serrato anterior
8%
Triceps braquial
8%
No se encontraron pruebas coincidentes
Distribución de puntuación
Porcentaje de gente con cada puntuación
Porcentaje por número respondido
Historial de tus puntuaciones
No has intentado esta prueba.